Statystyki dla Męskie Imiona na literę U

Kliknij tutaj aby rozwiązać quiz!

Ogólne statystyki

  • Ten quiz został rozwiązany 45 razy
  • Średni wynik to 2 z 5

Statystyki odpowiedzi

Imiona% Poprawnych
Urban
87%
Ulryk
33%
Ursyn
21%
Uwłast
8%
Uriasz
3%

Rozkład punktacji

Percentyl według liczby udzielonych odpowiedzi

Procent ludzi z każdym wynikiem

Twoja historia wyników

Nie rozwiązałeś tego quizu